De genealogía médica. (Record no. 95558)

MARC details
000 -LEADER
campo de control de longitud fija 00639nam a2200193 i 4500
001 - NÚMERO DE CONTROL
campo de control 95558
003 - IDENTIFICADOR DE NÚMERO DE CONTROL
campo de control ES-MaACL
005 - FECHA Y HORA DE LA ÚLTIMA TRANSACCIÓN
campo de control 20250806062943.0
007 - CAMPO FIJO DE DESCRIPCIÓN FÍSICA--INFORMACIÓN GENERAL
campo de control de longitud fija t|
008 - DATOS DE LONGITUD FIJA--INFORMACIÓN GENERAL
campo de control de longitud fija 050531s1968 sp ||||1| spa d
100 1# - ENTRADA PRINCIPAL--NOMBRE DE PERSONA
Nombre de persona Llopis Martín, José.
9 (RLIN) 72844
245 10 - MENCIÓN DEL TÍTULO
Título De genealogía médica.
Número de parte o sección de la obra Parte I /
Mención de responsabilidad, etc. José Llopis Martín.
260 ## - PUBLICACIÓN, DISTRIBUCIÓN, ETC.
Lugar de publicación, distribución, etc. Guadalajara :
Nombre del editor, distribuidor, etc. J. Llopis,
Fecha de publicación, distribución, etc. D.L. 1968 (
Fabricante Emilio Cobos, Librería-Papelería)
300 ## - DESCRIPCIÓN FÍSICA
Extensión 191, 5 p. :
Otras características físicas gráf. col. ;
Dimensiones 31 cm.
500 ## - NOTA GENERAL
Nota general Ejemplar multicopista. Es el t. 1.
650 07 - PUNTO DE ACCESO ADICIONAL DE MATERIA--TÉRMINO DE MATERIA
Término de materia o nombre geográfico como elemento de entrada Medicina psicosomática
Fuente del encabezamiento o término embne
9 (RLIN) 14937
852 ## - LOCALIZACIÓN
Ubicación ES-MaACL
Número de control de estantería P-1313
Sublocalización o colección R.65401
Holdings
Estatus retirado Estado de pérdida Estado de daño No para préstamo Biblioteca de origen Biblioteca actual Ubicación en estantería Fecha de adquisición Fuente de adquisición Total de préstamos Signatura topográfica completa Código de barras Visto por última vez Precio de reemplazo Tipo de ítem Koha
        Biblioteca del Ateneo de Madrid Biblioteca del Ateneo de Madrid Depósito 2 17/01/2008     P-1313 1099780 23/02/2023 23/02/2023 Libro impreso